Democracia digital: límites y oportunidades

Saved in:
Bibliographic Details
Main Author: Cairo Carou, Heriberto (Author)
Format: Book
Language:Spanish
Published: Madrid Trotta 2002
Series:Colección Estructuras y Procesos. Serie Ciencias Sociales
Subjects:
Tags: Add Tag
No Tags, Be the first to tag this record!

MARC

LEADER 00000nam a2200000 a 4500
001 UCM8397
003 CL-VaPUC
005 20230605094940.0
008 030314e20020000SP |||||||||||||||||spa|d
999 |c 302916  |d 302914 
020 |a 84-8164-549-4 
040 |c Pontificia Universidad Católica de Valparaíso 
082 0 4 |a 302.234  |b CAI  |2 21 
100 0 |a Cairo Carou, Heriberto  |e author  |9 474435 
245 1 0 |a Democracia digital: límites y oportunidades 
260 |a Madrid  |b Trotta  |c 2002 
300 |a 133 p 
490 0 |a Colección Estructuras y Procesos. Serie Ciencias Sociales 
583 |a last modification  |c 20030314 00:00:00  |k Rodrigo Vera 
650 0 |a Medios de comunicación de masas  |9 257273 
650 0 |a Información  |9 256927 
650 7 |a COMUNICACIONES  |2 CL-VaPUC  |9 260778 
650 0 |a Sistemas de información   |9 260286 
650 0 |a Sociedad de la información   |9 417579 
942 |c BK  |2 ddc 
945 |d 20030314 00:00:00  |a rbrito 
952 |0 0  |1 0  |4 0  |6 302_234000000000000_CAI_2002  |7 0  |8 A  |9 363756  |a BIBDER  |b BIBDER  |d 2019-11-21  |i 3846997  |o 302.234 CAI 2002  |p 3846997  |r 2023-01-25  |w 2019-11-21  |y BK  |k DER